000 01136nam a22002657a 4500
001 9492
003 FISKH
005 20260115091144.0
008 260115b cb ||||| |||| 00| 0 eng d
040 _aFISKH
_beng
_cFISKH
_dFISKH
050 _aPZ7
082 _a813
100 _aWilliams, Ursula Moray
_eAuthor
245 _aNo boys allowed /
_cby Ursula Moray Williams ; illustrated by Dora Leder
260 _aChicago :
_bScience Research Associates ,
_c1972
300 _a32 pages :
_bcolor illustrations ;
_c21 cm
505 _aR
520 _aAunt Hegarty, the famous world explorer, asks her five nieces to go with her on her next sea voyage. There is only one rule-no boys will be allowed on her boat. Then a sixth niece, Annie, arrives from an orphanage to join Sophie, Harriet, Rose, Lucy, and Emma on the Happy-Go-Gay. The little streamer leaves and all seems well. But soon, strange noises are heard from down in the ship's hold!
521 8 _a750
_bLexile estimate
521 8 _aR
_bRaz-Plus
650 _aSea voyage
_vExplorer
700 _aLeder, Dora
_eIllustrator
942 _2ddc
_cBK
_n0
999 _c9492
_d9492